Statistics for North American Countries (Map Quiz)

Click here to take the quiz!

General Stats

  • This quiz has been taken 45 times
  • The average score is 15 of 23

Answers on the Map

Answers color-coded by a green-red scale on the quiz's map according to % correct below.
 

Answer Stats

Answer% Correct
United States
96%
Mexico
92%
Canada
88%
Cuba
84%
Costa Rica
76%
Dominican Republic
76%
Haiti
76%
Panama
76%
Bahamas
72%
El salvador
72%
Jamaica
72%
Belize
68%
Guatemala
64%
Nicaragua
64%
Trinidad and Tobago
64%
Honduras
56%
Barbados
48%
Antigua and Barbuda
44%
Saint Kitts and Nevis
44%
Dominica
40%
Saint Lucia
40%
Saint Vincent and the Grenadines
40%
Grenada
36%

Score Distribution

Percentile by Number Answered

Percent of People with Each Score

Your Score History

You have not taken this quiz